MARC details
| 000 -LEADER |
| campo de control de longitud fija |
02821nam a2200433 i 4500 |
| 001 - NÚMERO DE CONTROL |
| campo de control |
192700 |
| 003 - IDENTIFICADOR DE NÚMERO DE CONTROL |
| campo de control |
SpMaBN |
| 005 - FECHA Y HORA DE LA ÚLTIMA TRANSACCIÓN |
| campo de control |
20250827063233.0 |
| 007 - CAMPO FIJO DE DESCRIPCIÓN FÍSICA--INFORMACIÓN GENERAL |
| campo de control de longitud fija |
ta |
| 008 - DATOS DE LONGITUD FIJA--INFORMACIÓN GENERAL |
| campo de control de longitud fija |
230512s2019 sp a | |||| 000 0cspa |
| 017 ## - NÚMERO DE COPYRIGHT O DE DEPÓSITO LEGAL |
| Número de copyright o de depósito legal |
SE 1274-2021 |
| Agencia que asigna |
Oficina Depósito Legal Sevilla |
| 020 ## - NÚMERO INTERNACIONAL ESTÁNDAR DEL LIBRO |
| Número Internacional Estándar del Libro |
9788418926150 |
| 035 ## - NÚMERO DE CONTROL DEL SISTEMA |
| Número de control de sistema |
(OCoLC)1158055327 |
| 040 ## - FUENTE DE CATALOGACIÓN |
| Centro catalogador/agencia de origen |
SpMaBN |
| Lengua de catalogación |
spa |
| Centro/agencia transcriptor |
ES-MaACL |
| Normas de descripción |
rda |
| 080 ## - NÚMERO DE LA CLASIFICACIÓN DECIMAL UNIVERSAL |
| Número de la Clasificación Decimal Universal |
929-054.7(=1.460:100)"1936/39" |
| 080 ## - NÚMERO DE LA CLASIFICACIÓN DECIMAL UNIVERSAL |
| Número de la Clasificación Decimal Universal |
929-057.85(460)"1936/39" |
| 245 00 - MENCIÓN DEL TÍTULO |
| Título |
Talento y exilio : |
| Resto del título |
la diáspora del conocimiento II / |
| Mención de responsabilidad, etc. |
Pilar Nova Melle, Pedro López López (coords.) |
| 260 ## - PUBLICACIÓN, DISTRIBUCIÓN, ETC. |
| Lugar de publicación, distribución, etc. |
Sevilla : |
| Nombre del editor, distribuidor, etc. |
Punto Rojo Libros, |
| Fecha de publicación, distribución, etc. |
[2021] |
| 300 ## - DESCRIPCIÓN FÍSICA |
| Extensión |
232 páginas : |
| Otras características físicas |
retratos ; |
| Dimensiones |
21 cm |
| 336 ## - TIPO DE CONTENIDO |
| Término de tipo de contenido |
Texto |
| Fuente |
rdacontent |
| 337 ## - TIPO DE MEDIO |
| Nombre/término del tipo de medio |
sin mediación |
| Fuente |
rdamedia |
| 338 ## - TIPO DE SOPORTE |
| Nombre/término del tipo de soporte |
volumen |
| Fuente |
rdacarrier |
| 490 1# - MENCIÓN DE SERIE |
| Mención de serie |
Talento y exilio ; |
| Designación de volumen o secuencia |
2 |
| 500 ## - NOTA GENERAL |
| Nota general |
En contracubierta: Asociación Descendientes del Exilio Español |
| 500 ## - NOTA GENERAL |
| Nota general |
Índice |
| 504 ## - NOTA DE BIBLIOGRAFÍA, ETC. |
| Nota de bibliografía, etc. |
Referencias bibliográficas |
| 505 ## - NOTA DE CONTENIDO CON FORMATO |
| Nota de contenido con formato |
José María Álvarez Posada "Celso Amieva". Encarnación Aragoneses Urquijo "Elena Fortún". Aurora Arnáiz Amigo. Manuela Ballester Vilaseca. Adela y Petra Barnés González. Josep Bartolí i Guiu. Constancio Bernaldo de Quirós. Roser Bru Llop. Odón de Buen y del Cos. Demófilo de Buen Lozano. Antonio Camazón Valentín. Félix Candela Outeriño. María Casares. Juanita Cruz. Rosita Díaz Gimeno. Martín Domínguez Esteban. Mariano Doporto Marchori. Victorina Durán. Ismael Escobar Vallejo. Rosa García Ascot. Antonio García Banús. Luis García Gallo. Elvira Gascón. Marina Ginestá Coloma. Agustín Gómez Arcos. Agustín Gómez Pagola. Encarnación Hernández Luna. Gonzalo Losada Benítez. Antonio Madinaveitia y Tabuyo. Julio Mangada Rosenörn. Félix Martí Ibáñez. Pablo Miaja. Constancia de la Mora Maura. José Moreno Villa. Matilde Muñoz Barberi. Álvaro de Orriols Lletget. Teresa Pàmies i Bertran. Timoteo Pérez Rubio. Augusto Pérez-Vitoria. Miguel Prados Such. Josep Renau Berrenguer. Mercedes Rodrigo Bellido. Mariano Ruiz Funes. Manuel Sánchez Arcas. Araceli Sánchez Urquijo. Lluís Santaló Sors. Alma Tapia Bolívar. María Teresa Toral Peñaranda. Salvador Valverde López-Bailly. José Vela Zanetti. Libertad Fernández Lafuente |
| 520 ## - RESUMEN, ETC. |
| Sumario, etc. |
Recoge 50 semblanzas |
| 600 17 - PUNTO DE ACCESO ADICIONAL DE MATERIA--NOMBRE DE PERSONA |
| Nombre de persona |
García Ascot, Rosa, |
| Fechas asociadas al nombre |
1902-2002 |
| Fuente del encabezamiento o término |
embne |
| 9 (RLIN) |
240872 |
| 650 #4 - PUNTO DE ACCESO ADICIONAL DE MATERIA--TÉRMINO DE MATERIA |
| Término de materia o nombre geográfico como elemento de entrada |
Exiliados españoles- |
| Subdivisión cronológica |
1936-1939 |
| Fuente del encabezamiento o término |
embne |
| 9 (RLIN) |
12657 |
| 650 #7 - PUNTO DE ACCESO ADICIONAL DE MATERIA--TÉRMINO DE MATERIA |
| Término de materia o nombre geográfico como elemento de entrada |
Intelectuales- |
| Subdivisión geográfica |
España- |
| Subdivisión cronológica |
1936-1939 |
| 9 (RLIN) |
161799 |
| 655 #0 - TERMINO DE INDIZACIÓN--GENERO/FORMA |
| Datos o término principal de género/forma |
Biografías |
| 9 (RLIN) |
176647 |
| 700 1# - ENTRADA AGREGADA--NOMBRE PERSONAL |
| Nombre de persona |
Nova Melle, Pilar |
| Término indicativo de función/relación |
Director de publicación |
| 9 (RLIN) |
176583 |
| 700 0# - ENTRADA AGREGADA--NOMBRE PERSONAL |
| Nombre de persona |
López López, Pedro |
| Término indicativo de función/relación |
Director de publicación |
| 9 (RLIN) |
73735 |
| 852 ## - LOCALIZACIÓN |
| Ubicación |
Es-MaACL |
| Sublocalización o colección |
R.153166 |
| Ubicación en estantería |
Depósito J |
| Donativo/Legado |
Donación: Editorial |
| Número de control de estantería |
N-8331 |
| itemnumber |
199997 |
| 942 ## - ELEMENTOS DE ENTRADA SECUNDARIOS (KOHA) |
| Suprimir en OPAC |
No |
| Tipo de ítem Koha |
Libro impreso |